Loading...
| Literature - American Literature | 0 | 11 | 1 | 1 | 105 | 64 | 104.73 | 1 | 5 |
| History - European History | 0 | 10 | 1 | 1 | 95 | 36 | 101.10 | 0 | 1 |
| Literature - European Literature | 0 | 10 | 1 | 0 | 95 | 48 | 106.10 | 1 | 4 |
| Literature - World Literature | 0 | 9 | 0 | 1 | 90 | 70 | 110.00 | 1 | 2 |
| History - World History | 0 | 9 | 0 | 1 | 90 | 71 | 100.67 | 0 | 3 |
| History - American History | 0 | 9 | 0 | 2 | 90 | 88 | 113.67 | 0 | 1 |
| Literature - British Literature | 0 | 7 | 0 | 0 | 70 | 113 | 132.14 | 0 | 0 |
| Any History | 0 | 6 | 2 | 1 | 50 | 77 | 109.33 | 0 | 0 |
| Painting & Sculpture | 0 | 5 | 2 | 0 | 40 | 90 | 116.60 | 0 | 0 |
| Fine Arts - Other Fine Arts | 0 | 3 | 0 | 1 | 30 | 132 | 141.33 | 0 | 0 |
| Science - Other Science | 0 | 3 | 0 | 3 | 30 | 127 | 132.00 | 0 | 0 |
| Religion | 0 | 3 | 1 | 0 | 25 | 58 | 95.00 | 0 | 0 |
| Geography | 0 | 2 | 0 | 0 | 20 | 86 | 93.00 | 0 | 0 |
| Fine Arts - Classical Music | 0 | 2 | 0 | 1 | 20 | 117 | 127.50 | 0 | 0 |
| Philosophy | 0 | 2 | 0 | 0 | 20 | 102 | 116.00 | 0 | 2 |
| Science - Physics | 0 | 2 | 0 | 1 | 20 | 82 | 110.50 | 0 | 1 |
| Mythology | 0 | 1 | 0 | 0 | 10 | 118 | 118.00 | 0 | 0 |
| Current Events | 0 | 1 | 2 | 0 | 0 | 116 | 116.00 | 0 | 0 |
| Social Science | 0 | 1 | 2 | 1 | 0 | 145 | 145.00 | 0 | 0 |